Užití víceúrovňových a víceprocesových modelů v demografii

Využívanie viacúrovňového modelovania v demografii. Príklady skrytej heterogenity v rôznych oblastiach záujmu demografie a geodemografie - fenomén selektivity. Základný model. Dôsledky ignorovania individuálne špecifických neporovateľných charakteristík. Príklad viacprocesového a viacúrovňového mode...

Description complète

Enregistré dans:
Détails bibliographiques
Auteur principal: Koudelka, Pavel
Autres auteurs: Lustigová, Michala
Format: Chapitre de livre
Langue:tchèque
Sujets:
Tags: Ajouter un tag
Pas de tags, Soyez le premier à ajouter un tag!

MARC

LEADER 00000naa a2200000 4500
001 0126565
005 20220715114556.7
041 0 |a cze 
044 |a CZ 
245 1 0 |a Užití víceúrovňových a víceprocesových modelů v demografii  |c Pavel Koudelka, Michala Lustigová 
520 |a Využívanie viacúrovňového modelovania v demografii. Príklady skrytej heterogenity v rôznych oblastiach záujmu demografie a geodemografie - fenomén selektivity. Základný model. Dôsledky ignorovania individuálne špecifických neporovateľných charakteristík. Príklad viacprocesového a viacúrovňového modelovania - predmanželské spolužitie a rozpad zväzkov. Softvér pre modelovanie. 
610 2 0 |a demografia 
610 2 0 |a modelovanie 
610 2 0 |a úmrtnosť 
610 2 0 |a pôrodnosť 
610 2 0 |a ženy 
610 2 0 |a muži 
100 1 |a Koudelka, Pavel 
700 1 |a Lustigová, Michala